Sly Racoon [QUIZZ FR] - Statistiques

Statistiques générales
  • Ce quiz a été pris 108 fois
  • Le résultat moyen est 13 sur 20
Statistiques - réponses
Indice... Réponse ! % Correct
Personnage Principal Sly
100%
Les Muscles Murray
96%
Le Cerveau Bentley
95%
La Policière Carmelita M. Fox
87%
Cinquième Boss / Boss Final Clockwerk
79%
Quatrième Boss The Panda King
79%
Objet du Personnage principal Serpe
78%
Nom du Livre des Cooper Volus Ratonus
72%
Second Boss Muggshot
68%
Lieu du Prologue Paris / France
68%
Lieu du Quatrième Boss Chine
64%
Premier Boss Sir Raleigh
64%
Troisième Boss Miss Ruby
63%
Objet du Cerveau Ordinateur / Binocom
61%
Nom du Gang des Boss Les Cinq Maléfiques
57%
Objet des Muscles Van
55%
Lieu du Cinquième Boss Volcan Karkarov / Russie
51%
Lieu du Second Boss Mesa City / Amérique
50%
Lieu du Troisième Boss Haïti
38%
Lieu du Premier Boss Triangle des Bermudes
22%
Aucun quiz correspondant
Distribution des résultats
% des personnes avec chaque résultat
Percentile par nombre de réponses
Votre historique - résultats
Vous n’avez pas pris ce quiz